Missing Word: Songs by Country Bands Quiz Stats

 Plays Quiz Updated Nov 29, 2020

Support Sporcle.
Go Orange.
Score 0/20 Timer 05:00
0 Plays Today
Hint Answer % Correct
Lady ANow
86.9%
The ChicksOpen
81.7%
Rascal FlattsHighway
73.1%
Rascal FlattsHurts
70.8%
Zac Brown BandFried
64.4%
Rascal FlattsBroken
61.6%
Lady ALove
59.7%
Lady AJust
56.6%
Rascal FlattsMy
51.1%
Lady ARun
50.4%
Hint Answer % Correct
The ChicksEarl
49.5%
The ChicksNice
47.6%
The ChicksCowboy
44.3%
Zac Brown BandKnee
41%
Zac Brown BandRide
40.1%
Zac Brown BandSweet
38.5%
Lady AAmerican
38.4%
The ChicksSoldier
32.2%
Rascal FlattsGoodbye
29.8%
Zac Brown BandDrug
20.6%

Today's Daily Dose

Quick Pick
'P' Beverages

Get the Picture
Fictional Counts

You're not logged in!

Compare scores with friends on all Sporcle quizzes.
OR
Log In

From the Vault

Silhouettes: Disney Title Characters

by Perspektive

They just wanted to be shrouded in shadows or something, alright?
Remove Ads.
Support Sporcle.
Get the best of Sporcle when you Go Orange. This ad-free experience offers more features, more stats, and more fun while also helping to support Sporcle. Thank you for becoming a member.

Show Comments

Extras

Top Quizzes Today


Score Distribution

Your Account Isn't Verified!

In order to create a playlist on Sporcle, you need to verify the email address you used during registration. Go to your Sporcle Settings to finish the process.

Report this User

Report this user for behavior that violates our Community Guidelines.

Details: